04770 2202341 4500001002100000005001500021035002000036008004100056245004200097100002100139250000600160260003200166300001200198020002200210084001400232082000800246650001400254990001200268990001200280990001200292990001200304990001200316990001200328990001200340990001200352990001200364990001200376990001200388990001200400990001200412990001200424990001200436990001200448990001200460990001200472990001200484990001200496990001200508990001200520990001200532990001200544990001200556990001200568990001200580990001200592990001200604990001200616990001200628990001200640990001200652990001200664990001200676990001200688990001200700990001200712990001200724990001200736990001200748990001200760990001200772990001200784990001200796990001200808990001200820990001200832990001200844990001200856990001200868990001200880990001200892990001200904990001200916990001200928990001200940990001200952990001200964990001200976990001200988990001201000990001201012990001201024990001201036990001201048990001201060990001201072990001201084990001201096990001201108990001201120990001201132990001201144990001201156990001201168990001201180990001201192990001201204990001201216990001201228990001201240990001201252990001201264990001201276990001201288990001201300990001201312990001201324990001201336990001201348990001201360990001201372990001201384990001201396990001201408990001201420990001201432990001201444990001201456990001201468990001201480990001201492990001201504990001201516990001201528990001201540990001201552990001201564990001201576990001201588990001201600990001201612990001201624990001201636990001201648990001201660990001201672990001201684990001201696990001201708990001201720990001201732990001201744990001201756990001201768990001201780990001201792990001201804990001201816990001201828990001201840990001201852990001201864990001201876990001201888990001201900990001201912990001201924990001201936990001201948990001201960990001201972990001201984990001201996990001202008990001202020990001202032990001202044990001202056990001202068990001202080990001202092990001202104990001202116990001202128990001202140990001202152990001202164990001202176990001202188990001202200990001202212990001202224990001202236990001202248990001202260990001202272990001202284990001202296990001202308990001202320990001202332990001202344990001202356990001202368990001202380990001202392990001202404990001202416INLIS00000000000137820240626094539 a0010-0624000010240626 0 ind 1 aSosiologi Kelas XI /cJoan Hesti Gita aHesti Gita, Joan a1 aJakarta :bKEMDIKBUD,c2021 a234 hlm a978-602-244-847-1 a301 JOA s a301 4aNon Fiksi a0750397 a0750398 a0750399 a0750400 a0750401 a0750402 a0750403 a0750404 a0750405 a0750406 a0750407 a0750408 a0750409 a0750410 a0750411 a0750412 a0750413 a0750414 a0750415 a0750416 a0750417 a0750418 a0750419 a0750420 a0750421 a0750422 a0750423 a0750424 a0750425 a0750426 a0750427 a0750428 a0750429 a0750430 a0750431 a0750432 a0750433 a0750434 a0750435 a0750436 a0750437 a0750438 a0750439 a0750440 a0750441 a0750442 a0750443 a0750444 a0750445 a0750446 a0750447 a0750448 a0750449 a0750450 a0750451 a0750452 a0750453 a0750454 a0750455 a0750456 a0750457 a0750458 a0750459 a0750460 a0750461 a0750462 a0750463 a0750464 a0750465 a0750466 a0750467 a0750468 a0750469 a0750470 a0750471 a0750472 a0750473 a0750474 a0750475 a0750476 a0750477 a0750478 a0750479 a0750480 a0750481 a0750482 a0750483 a0750484 a0750485 a0750486 a0750487 a0750488 a0750489 a0750490 a0750491 a0750492 a0750493 a0750494 a0750495 a0750496 a0750497 a0750498 a0750499 a0750500 a0750501 a0750502 a0750503 a0750504 a0750505 a0750506 a0750507 a0750508 a0750509 a0750510 a0750511 a0750512 a0750513 a0750514 a0750515 a0750516 a0750517 a0750518 a0750519 a0750520 a0750521 a0750522 a0750523 a0750524 a0750525 a0750526 a0750527 a0750528 a0750529 a0750530 a0750531 a0750532 a0750533 a0750534 a0750535 a0750536 a0750537 a0750538 a0750539 a0750540 a0750541 a0750542 a0750543 a0750544 a0750545 a0750546 a0750547 a0750548 a0750549 a0750550 a0750551 a0750552 a0750553 a0750554 a0750555 a0750556 a0750557 a0750558 a0750559 a0750560 a0750561 a0750562 a0750563 a0750564 a0750565 a0750566 a0750567 a0750568 a0750569 a0750570 a0750571 a0750572 a0750573 a0750574 a0750575 a0750576